| 000 | 00516nam a2200169Ia 4500 | ||
|---|---|---|---|
| 005 | 20250424120317.0 | ||
| 008 | 250424s9999 xx 000 0 und d | ||
| 022 | _a11195363 | ||
| 050 | _aTA 1 .N75/ | ||
| 245 | 0 | _aNSE technical transactions: a technical publication of the Nigerian Society of Engineers. | |
| 260 | _aAbuja | ||
| 260 | _bNigerian society of engineers | ||
| 260 | _c2011 | ||
| 300 | _av. : ill. ; 30 cm. | ||
| 650 | _aEngineering--Periodicals. Engineering--Nigeria--Periodicals. | ||
| 942 | _cSR | ||
| 999 |
_c38584 _d38584 |
||